000 00790cam a22002531 4500
999 _c4484
_d4484
001 7521281
003 GBCCL
005 20241126110519.0
008 751008s1964 xx 000 0 eng
010 _a 65000709
035 _a(OCoLC)1684957
040 _aDLC
_cPCoR
_dDLC
050 0 0 _aBS2735.3
_b.C3
082 _a227.807
_bCAR
100 1 _aCarleton, A. P.
_q(Arthur Patrick)
_98356
245 1 0 _aPastoral epistles;
_ba commentary
_cby A. P. Carleton.
260 _aNew York,
_bAssociation Press
_c[1964]
300 _a77 p.
_c19 cm.
490 0 _aWorld Christian books,
_ano. 51. 3d ser.
500 _a"Quotations from The New English Bible."
630 0 0 _aBible.
_pPastoral Epistles
_xCommentaries.
_9866
906 _a7
_bcbc
_coclcrpl
_du
_encip
_f19
_gy-gencatlg
942 _2ddc
_cBK
_01